000 00770nam a22002175i 4500
001 180959
003 ES-MaACL
005 20240118210057.0
008 120912s1989 sp | |||| ||spa d
080 _a821.134.2-14"19"(082.2)
245 0 0 _aII Premio Internacional de Poesía "Encina de la Cañada"
_b: poemas premiados /
_c[edición al cuidado de Juan Ruiz de Torres].
260 _aMadrid :
_bAltorrey,
_c1989.
300 _a[24] p. ;
_c20 cm.
490 1 _aNueva imagen
594 _aPrecede al tít.: Ayuntamiento de Villanueva de la Cañada.
650 4 _aPoesías españolas-
_yS.XX.
_916221
700 1 _aRuiz de Torres, Juan,
_d1931-2014
_9155342
830 0 _aNueva imagen
_9188929
852 _aES-MaACL
_j2316-F-3
999 _c180959
_d180959